Animals in Dutch - Statistics

General Stats
  • This quiz has been taken 78 times
  • The average score is 13 of 16
Answer Stats
Dutch English % Correct
kat cat
100%
hond dog
100%
vogel bird
97%
koe cow
95%
muis mouse
95%
vis fish
92%
schaap sheep
90%
kip chicken
87%
paard horse
87%
aap monkey
86%
konijn rabbit
76%
spin spider
76%
leeuw lion
73%
walvis whale
65%
kikker frog
54%
hagedis lizard
35%
No matching quizzes found
Score Distribution
Percent of People with Each Score
Percentile by Number Answered
Your Score History
You have not taken this quiz